000
00269nam a2200121Ia 4500
008
190216s9999||||xx |||||||||||||| ||und||
100
_a
Null
245
0
_a
Hindi-Loka Kahem Gar Mera
260
_b
Pragathi Prakashan
300
_a
132
650
_a
Hindi
942
_c
BK
999
_c
15672
_d
15672